1055 1930 1433 1856 1352 1773 1607 1464 1866 1315 1537 1436 1472 1677 1871 1261 1322 1798 1486 1639 1507 1345 1434 1218 1301 1510 1273 1648 1372 1144 1993 1169 1597 1069 1621 1921 1120 1242 1074 1854 1994 1214 1309 1012 1187 1924 1563 1494 1059 1243 1272 1809 1430 1946 1510 1881 1162 1771 1958 1152 1940 1325 1168 1663 1383 1909 1070 1047 1767 1005 1793 1781 1982 1426 1334 1085 1655 1776 1230 1051 1345 1269 1677 1916 1310 1721 1808 1057 1053 1729 1062 1661 1223 1540 1876 1067 1552 1636 1654 BCNSPRNW ULIB Ver.6.0+V

เปลี่ยนเป็นภาษาไทย

Change to English
 แสดงรายละเอียดบรรณานุกรม
  กลับหน้าหลัก

Brief Record : Get Marc (ISO 2709) : E-mail record : QR code < ปิดหน้าต่าง
LEADER : 00000nam 2200000uu 4500
001    13399114151
003     ULIB
008    120222s||||||||th 000 0 tha d
020    ^a9789749593431
060 04 ^aWA390^bส237อ
100 0  ^aสมใจ วินิจกุล
245 10 ^aอนามัยชุมชน :^bกระบวนการวินิจฉัยและการแก้ปัญหา /^cสมใจ วินิจกุล
250    ^aพิมพ์ครั้งที่ 4 ปรับปรุงครั้งที่ 2
260    ^aกรุงเทพฯ :^bภาควิชาการพยาบาลสาธารณสุขศาสตร์^c2552
300    ^a160 หน้า :^bภาพประกอบ ;^c26 ซม.
650  4 ^aอนามัยชุมชน
650  4 ^aอนามัยสิ่งแวดล้อม
710 2  ^aวิทยาลัยพยาบาลเกื้อการุณย์.
945    ^p250^l0^i031174
945    ^p250^l0^i031175
945    ^p250^l0^i031176
945    ^p250^l0^i032431
945    ^p250^l0^i032432
945    ^p250^l0^i032433
995    ^aทศพร
999 ^a ทศพร
รายการนี้ยังไม่มีแท็ก
คุณยังไม่ได้ล็อกอิน คุณสามารถมีกิจกรรมร่วมกับเว็บไซต์ได้ แต่ต้องล็อกอินก่อน ::
  ล็อกอิน

รายการสื่อสารสนเทศ

ลำดับที่ ประเภท เลขเรียก/บาร์โค้ด สถานที่ สถานะ
- ไม่พบข้อมูล -

รายการใกล้เคียง
    ผู้แต่ง [สมใจ วินิจกุล]

    หัวเรื่อง [อนามัยชุมชน]
    หัวเรื่อง [อนามัยสิ่งแวดล้อม]

BibComment


ยังไม่เคยถูกคอมเมนท์

คอมเมนท์ทรัพยากรรายการนี้
  คอมเมนท์: อนามัยชุมชน กระ..


 Copyright 2026. Bcnsprnw @Library